Rudiments Of Computer Science/ (Record no. 207807)

MARC details
000 -LEADER
fixed length control field 00629nam a22002057a 4500
005 - DATE AND TIME OF LATEST TRANSACTION
control field 20241218144022.0
010 ## - LCCN (DPL NO)
LC control number ENG-143077
020 ## - INTERNATIONAL STANDARD BOOK NUMBER
Terms of availability 400.00
035 ## - SYSTEM CONTROL NUMBER
System control number EN-126609
037 ## - SOURCE OF ACQUISITION
Source of stock number/acquisition DBAD
082 ## - DEWEY DECIMAL CLASSIFICATION NUMBER
Classification number 004
100 ## - MAIN ENTRY--PERSONAL NAME
Personal name Bhattacharya, J
245 ## - TITLE STATEMENT
Title Rudiments Of Computer Science/
Remainder of title By J Bhattacharya
260 ## - PUBLICATION, DISTRIBUTION, ETC. (IMPRINT)
Place of publication, distribution, etc Kolkata
Name of publisher, distributor, etc Academic Publications
Date of publication, distribution, etc 2024
270 ## - ADDRESS
City Kolkata
Postal code 700073
Electronic mail address contact@academicpublishers.in
300 ## - PHYSICAL DESCRIPTION
Extent 291p.;
Dimensions 27cm(pb)
490 ## - SERIES STATEMENT
Volume number/sequential designation 1
500 ## - GENERAL NOTE
General note Based On New Curriculum of West Bengal Council For Higher Secondary Education 2024
942 ## - ADDED ENTRY ELEMENTS (KOHA)
Source of classification or shelving scheme Dewey Decimal Classification
Item type English Books
Call number suffix BHA
Classification part 004
Holdings
Withdrawn status Lost status Materials specified (bound volume or other part) Not for loan Collection code Home library Current library Date acquired Source of acquisition Cost, normal purchase price Full call number Barcode Copy number Cost, replacement price Koha item type
    Vol 1   Non-fiction Central Library Central Library 18/12/2024 Delivery of Books Division 400.00 BHA 004 EN-126609 1 400.00 English Books

© Delhi Public Library
Hit Counter
free hit counter